Central Library OPAC University of Rajshahi

Volumetric analysis / (Record no. 10014)

MARC details
000 -LEADER
fixed length control field 01022cam a22002651 4500
001 - CONTROL NUMBER
control field 10014
003 - CONTROL NUMBER IDENTIFIER
rucl marc code BD-RjUL
005 - DATE AND TIME OF LATEST TRANSACTION
control field 20211208234858.0
008 - FIXED-LENGTH DATA ELEMENTS--GENERAL INFORMATION
fixed length control field 161211r 1942nyua b 001 0 eng
035 ## - SYSTEM CONTROL NUMBER
System control number (BD-RjUL)10061
040 ## - CATALOGING SOURCE
Original cataloging agency DLC/ICU
Transcribing agency ICU
Modifying agency DLC
-- BD-RjUL
Language of cataloging eng
041 1# - LANGUAGE CODE
Language code of text/sound track or separate title eng
Language code of original ger
082 00 - DEWEY DECIMAL CLASSIFICATION NUMBER
Classification number 543.24
Author mark and year KOV 1954
Edition number 23
100 1# - MAIN ENTRY--PERSONAL NAME
Personal name Kolthoff, I. M.
Fuller form of name (Izaak Maurits),
Dates associated with a name 1894-1993.
9 (RLIN) 29366
245 00 - TITLE STATEMENT
Title Volumetric analysis /
Statement of responsibility, etc. I.M. Kolthoff [and] V.A. Stenger.
250 ## - EDITION STATEMENT
Edition statement 2nd rev. ed.
260 ## - PUBLICATION, DISTRIBUTION, ETC. (IMPRINT)
Place of publication, distribution, etc. New York :
Name of publisher, distributor, etc. Interscience Publishers,
Date of publication, distribution, etc. c1942 [ Reprinted 1954].
300 ## - PHYSICAL DESCRIPTION
Pagination xv, 309 p. :
Illustrations ill. ;
Size 23 cm.
504 ## - BIBLIOGRAPHY, ETC. NOTE
Bibliography, etc Bibliographical footnotes and index.
505 0# - FORMATTED CONTENTS NOTE
Formatted contents note I. Theoretical fundamentals.--II. Titration. Methods: acid-base, precipitation, and complex-formation reactions.--III. Titration methods: oxidation-reduction reactions.
650 #0 - SUBJECT ADDED ENTRY--TOPICAL TERM
Topical term or geographic name as entry element Volumetric analysis.
9 (RLIN) 15221
700 1# - ADDED ENTRY--PERSONAL NAME
Personal name Stenger, V. A.
Fuller form of name (Vernon Arthur),
Dates associated with a name 1908-
Relator term joint author.
942 ## - ADDED ENTRY ELEMENTS (KOHA)
Source of classification or shelving scheme Dewey Decimal Classification
Koha item type Books
Holdings
Lost status Source of classification or shelving scheme Damaged status Not for loan Collection code Permanent Location Current Location Shelving location Date acquired Source of acquisition Cost, normal purchase price Total Checkouts Full call number Date last seen Copy number Koha item type
  Dewey Decimal Classification   Not For Loan Non-fiction Central Library, University of Rajshahi Central Library, University of Rajshahi Reading Room 19/09/1957 Publishers united 52.13   543.24 KOV V-1 1954 22/01/2014 C-2 Books
  Dewey Decimal Classification   Not For Loan Non-fiction Central Library, University of Rajshahi Central Library, University of Rajshahi Reading Room 21/09/1957 Publisher united 56.14   543.24 KOV V-2 1954 17/04/2017 C-1 Books